| 000 | 00716nam a2200229Ia 4500 | ||
|---|---|---|---|
| 003 | GCL | ||
| 008 | 140319s9999 xx 000 0 ara d | ||
| 040 |
_aGCL / _cGCL |
||
| 082 | 0 | 4 |
_a953.01 _bم ن |
| 100 | 1 | _aمحمود سلام زناتى | |
| 245 | 1 | 0 |
_aنظم العرب قبل الاسلام / _cمحمود سلام زناتى |
| 260 |
_a[S.N] : _bلجنة الاعلام والدراسات المستقبلية ، _c1992 |
||
| 300 | _a300 ص | ||
| 490 | _a | ||
| 650 | 0 | 4 | _aتاريخ |
| 650 | 0 | 4 | _aالعادات والتقاليد |
| 650 | 0 | 4 | _aالجاهلية |
| 650 | 0 | 4 | _aالعرب قبل الاسلام |
| 650 | 0 | 4 | _aالعرب |
| 650 | 0 | 4 | _aالقبائل العربية |
| 942 |
_2ddc _cBK |
||
| 999 |
_c42315 _d42315 |
||